000 00990nam a22001937a 4500
005 20250912143146.0
008 250909b |||||||| |||| 00| 0 eng d
020 _a9788184990003
041 _aEnglish
082 _a372,6
_bVAS
100 _aVas Gratian
_9212963
245 _aEnglish Grammar for Everyone
260 _aMumbai
_bShree Book Centre
_c2020
300 _a576
365 _b482.86
_cRs.00
520 _a1. The Sentence 2. Basic Sentence Patterns 3. Phrases And Clauses 4. The Main Classes of Words 5. Noun 6. The Verb 7. Verbals 8. Forming And Using Verbs 9. Verb Tenses 10. The Modal Verb 11. Verb Moods 12. Active And Passive Voice 13. Direct And Indirect Speech 14. The Pronoun 15. Adjective 16. The Adverb 17. The Preposition 18. The Conjunction 19. The Interjection 20. The Article 21. Modifiers 22. Building Phrases & Clauses 23. Building Sentences 24. Punctuation
650 _aEnglish Communication
_9212964
942 _cBK
999 _c367675
_d367675